Catálogo público

Bosquejo de ensayo sobre investigación de la microflora en la semilla de frijol : (Record no. 206336)

MARC details
000 -CABECERA
campo de control de longitud fija 00893nam a2200277Ia 4500
001 - NÚMERO DE CONTROL
campo de control Para_7448
003 - IDENTIFICADOR DEL NÚMERO DE CONTROL
campo de control CHAP
008 - DATOS DE LONGITUD FIJA--INFORMACIÓN GENERAL
campo de control de longitud fija 220125s1945 xx 000 0 und d
010 ## - NÚMERO DE CONTROL DE LA BIBLIOTECA DEL CONGRESO
Número de control de LC 206336
040 ## - FUENTE DE LA CATALOGACIÓN
Centro/agencia transcriptor CHAP
082 ## - NÚMERO DE LA CLASIFICACIÓN DECIMAL DEWEY
Número de clasificación PA-C 632.3 M4
100 ## - ENTRADA PRINCIPAL--NOMBRE DE PERSONA
Nombre de persona Guevara Calderón, Jos
9 (RLIN) 172645
245 ## - MENCIÓN DE TÍTULO
Título Bosquejo de ensayo sobre investigación de la microflora en la semilla de frijol :
Resto del título su identificación y la aplicación de algunos desinfectantes /
Mención de responsabilidad, etc. por Jos Guevara Calderón
260 ## - PUBLICACIÓN, DISTRIBUCIÓN, ETC.
Lugar de publicación, distribución, etc. México :
Nombre del editor, distribuidor, etc. s.e.
300 ## - DESCRIPCIÓN FÍSICA
Extensión 4 h.
500 ## - NOTA GENERAL
Nota general Encuadernado con otros impresos similares
650 ## - PUNTO DE ACCESO ADICIONAL DE MATERIA--TÉRMINO DE MATERIA
Término de materia o nombre geográfico como elemento de entrada Fitopatología
Subdivisión general colecciones de escritos
9 (RLIN) 172523
650 ## - PUNTO DE ACCESO ADICIONAL DE MATERIA--TÉRMINO DE MATERIA
Término de materia o nombre geográfico como elemento de entrada Frijol
Subdivisión general floración
9 (RLIN) 43381
901 ## - ELEMENTOS DE DATOS A LOCAL LDA (RLIN)
a PA-C 632.3 M4
902 ## - ELEMENTOS DE DATOS B LOCAL, LDB (RLIN)
a A
905 ## - ELEMENTOS DE DATOS E LOCAL, LDE (RLIN)
a 0000001945 0000000000 00
910 ## - DATOS DE OPCIÓN DEL USUARIO (OCLC)
Datos de opción del usuario 1945
942 ## - ELEMENTOS DE PUNTO DE ACCESO ADICIONAL (KOHA)
Tipo de ítem Koha Parasitologia_
942 ## - ELEMENTOS DE PUNTO DE ACCESO ADICIONAL (KOHA)
Tipo de ítem Koha Parasitologia_
-- 1
Holdings
Estado de retiro Estado de pérdida Fuente del sistema de clasificación o colocación Estado dañado Restricciones de uso No para préstamo Código de colección Localización permanente Ubicación/localización actual Fecha de adquisición Información codificada de la localización en otra ubicación Total de préstamos Signatura topográfica completa Código de barras Fecha visto por última vez Número de copia Precio válido a partir de Tipo de ítem Koha Nota pública
    Dewey Decimal Classification   Préstamo interno   Consulta Parasitologia Agricola Parasitologia Agricola 27/10/2005 PARA   PA-C 632.3 M4 PA_4085-12 25/01/2022 1 25/01/2022 Libro 3